La armonía de los colores / (Record no. 163829)

MARC details
000 -CABECERA
campo de control de longitud fija 00677nam a2200217 u 4500
005 - FECHA Y HORA DE LA ÚLTIMA TRANSACCIÓN
campo de control 20210223132112.0
008 - ELEMENTOS DE LONGITUD FIJA--INFORMACIÓN GENERAL
campo de control de longitud fija 130625s2006 es r 000 0 spa d
020 ## - NÚMERO INTERNACIONAL NORMALIZADO PARA LIBROS
Número Internacional Estándar del Libro 8480766727
035 ## - NÚMERO DE CONTROL DEL SISTEMA
Número de control de sistema UPN01000191726
049 ## - COLECCIÓN
Colección CG
050 #4 - SIGNATURA TOPOGRÁFICA DE LA BIBLIOTECA DEL CONGRESO
Número de clasificación BF789 C7
Número de documento/Ítem S9.2
100 1# - ASIENTO PRINCIPAL--NOMBRE PERSONAL
Nombre de persona Sutton, Tina
9 (RLIN) 34117
245 13 - MENCIÓN DE TÍTULO
Título La armonía de los colores /
Mención de responsabilidad, etc. Tina Sutton, Bride M. Whelan ; tr. Pilar Guerrero Jiménez.
260 ## - PUBLICACIÓN, DISTRIBUCIÓN, ETC.
Lugar de publicación, distribución, etc. Barcelona, Esp. :
Nombre del editor, distribuidor, etc. Blume,
Fecha de publicación, distribución, etc. 2006.
300 ## - DESCRIPCIÓN FÍSICA
Extensión 188 p. :
Otras características físicas il.
534 ## - NOTA SOBRE LA VERSIÓN ORIGINAL
Frase introductoria Título original:
Mención de título del original The complete color harmony
650 #4 - ASIENTO SECUNDARIO DE MATERIA - TERMINO TEMATICO
Término de materia o nombre geográfico como elemento de entrada PSICOLOGIA DEL COLOR
9 (RLIN) 7512
650 #4 - ASIENTO SECUNDARIO DE MATERIA - TERMINO TEMATICO
Término de materia o nombre geográfico como elemento de entrada SENTIDO DEL COLOR
9 (RLIN) 7510
700 1# - ASIENTO SECUNDARIO--NOMBRE DE PERSONAL
Nombre de persona Whelan, Bride M.,
Término indicativo de función/relación coaut.
905 ## - TIPO DE MATERIAL
Tipo de material Libro
Holdings
Estado de retiro Estado de pérdida Fuente del sistema de clasificación o colocación Estado dañado No para préstamo Código de colección Localización permanente Ubicación/localización actual Ubicación en estantería Total de préstamos Clasificación Código de barras Fecha visto por última vez Número de copia Tipo de ítem Koha
    Library of Congress Classification     Colección General Bib. Gregorio Torres Quintero Bib. Gregorio Torres Quintero Planta baja 13 BF789 C7 S9.2 288689 31/12/2020 1 Libro